000 00886cab a2200241 4500
001 WB3411-08
008 090401t1998 xxu||||| |||| 00| 0 eng d
035 _a(Sirsi) u84973
041 _aeng
245 _aAsbestos regulations
260 _c1998
350 _a0
490 _aHealth and Safety Executive Press Release
_v(046) 11 March 1998 (2)
520 _aThe HSC has agreed to publish a consultation document setting out regulatory proposals to provide protection to workers from asbestos. Details of main proposals.
650 _aASBESTOS (LICENSING) REGULATIONS 1983
650 _aMANAGEMENT-HEALTH AND SAFETY-HAZARDOUS SUBSTANCES-ASBESTOS
650 _aCONTROL OF ASBESTOS AT WORK REGULATIONS 1987
650 _aRESPIRATORY PROTECTIVE EQUIPMENT
650 _aWHITE ASBESTOS
690 _aBUILT ENVIRONMENT-BUILDING STANDARDS
942 _n0
948 _c17/03/1998
999 _c53420
_d53420